Guess the Harry Potter Quote by Picture - Statistics

General Stats
  • This quiz has been taken 48 times
  • The average score is 3 of 9
Answer Stats
Picture Answer % Correct
Morning.
87%
Why is it always me?
82%
Im not wearing that, its ghastly
26%
Reading? I didnt know you could read.
23%
Just because you have the emotional range of a teaspoon
15%
Excuse me, I have to go and vomit
10%
Not to mention the pincers
10%
Its sort of exciting isnt it? Breaking the rules.
5%
Its wingardium leviosa, not leviosah
5%
No matching quizzes found
Score Distribution
Percent of People with Each Score
Percentile by Number Answered
Your Score History
You have not taken this quiz